000 00832cam a2200217 i 4500
005 20251109111141.0
008 250721s2021 jo gr 000 0 ara d
020 _a9789923290217
082 1 4 _a155.4
_bع م ي
100 1 _aعمير، راهيلا حسين ناصر
_eمؤلف.
245 1 0 _aمشكلات الاطفال النفسية والسلوكية /
_cدكتورة راهيلا حسين ناصر عمير.
250 _aالطبعة الأولى.
264 3 1 _aعمان :
_bابصار ناشرون و موزعون،
_c2021.
264 3 1 _aعمان :
_bدار أمجد للنشر والتوزيع،
300 _a152 صفحة.
650 1 7 _aسيكولوجية الطفولة.
650 1 7 _aالسلوك.
650 1 7 _aالمشكلات النفسية.
942 _2ddc
_cBK
999 _c144853
_d144853